000
00300nam a22001337a 4500
008
181121b xxu||||| |||| 00| 0 eng d
020
_a
9780781780629
041
_a
eng
080
_a
610.073
100
_a
3
101
_a
INF
245
_a
Nursing Health Assessment
_c
Jensen.SH
942
_2
udc
_c
BK
999
_c
52275
_d
52275